000 01136nam a2200289 4500
999 _c9086
_d9086
001 9086
003 BD-DhEWU
005 20200227124150.0
008 200225r20192005bg gr 000 0 ben d
020 _a 9844018080
040 _dBD-DhEWU
_aBD-DhEWU
_beng
_cBD-DhEWU
041 _aben
082 _a923.25492
_bSIB 2019
100 1 _aসিদ্দিকী, জিল্লুর রহমান
_gSiddiki, Zillur Rahman.
_925030
245 1 0 _aবঙ্গবন্ধু ও বাংলাদেশ /
_cজিল্লুর রহমান সিদ্দিকী.
246 _aBangabondhu-O-Bangladesh.
260 _aঢাকা :
_bআগামী প্রকাশনী,
_c২০১৯.
300 _a128 p. ;
_c22 cm
526 _aLibrary
590 _aNEWAZ
650 _a Mujibur Rahman, -- Sheikh, -- 1920-1975 -- Political and social views
_925031
650 _a Bangladesh -- Liberation War
_925032
653 _aবঙ্গবন্ধু শেখ মুজিবুর রহমান
653 _aবাংলাদেশ -- মুক্তিযুদ্ধ
942 _2ddc
_cTEXT
953 _a0